Case studies in public management and administration (Record no. 2852)

000 -LEADER
fixed length control field 00577nam a22001937a 4500
003 - CONTROL NUMBER IDENTIFIER
control field OSt
005 - DATE AND TIME OF LATEST TRANSACTION
control field 20210722094831.0
008 - FIXED-LENGTH DATA ELEMENTS--GENERAL INFORMATION
fixed length control field 210722b ||||| |||| 00| 0 eng d
020 ## - INTERNATIONAL STANDARD BOOK NUMBER
International Standard Book Number 9781553221968
040 ## - CATALOGING SOURCE
Transcribing agency ALUPE UN
050 ## - LIBRARY OF CONGRESS CALL NUMBER
Classification number JF135
Item number .S48 2009
100 ## - MAIN ENTRY--PERSONAL NAME
Personal name James C Simeon
245 ## - TITLE STATEMENT
Title Case studies in public management and administration
260 ## - PUBLICATION, DISTRIBUTION, ETC.
Place of publication, distribution, etc. Concord, Ont.
Name of publisher, distributor, etc. Captus Press
Date of publication, distribution, etc. ©2009.
300 ## - PHYSICAL DESCRIPTION
Extent 205P
500 ## - GENERAL NOTE
General note INDEX INCL
650 ## - SUBJECT ADDED ENTRY--TOPICAL TERM
Topical term or geographic name entry element Public administration. Public administration -- Case studies. Administration publique.
942 ## - ADDED ENTRY ELEMENTS (KOHA)
Source of classification or shelving scheme
Koha item type Book
Suppress in OPAC DO
Holdings
Withdrawn status Lost status Source of classification or shelving scheme Damaged status Not for loan Permanent Location Current Location Shelving location Date acquired Source of acquisition Total Checkouts Full call number Barcode Date last seen Price effective from Koha item type Public note
          AU LIBRARY AU LIBRARY Open Shelf 22.07.2021 DONATION FROM MOI UN   JF135 .S48 2009 28000330 22.07.2021 22.07.2021 Book DO

Powered by Koha